00903nam a2200229 a 4500001001000000003000500010005001700015008004100032010001100073011001100084040000900095100003000104245017300134260004100307500006000348502009900408650001800507650001400525650004800539856001600587856007000603000112112CHAP20220329144246.0151204s2015 mx a fsm |||||||spa d a108573 a109545 cCHAP1 aAnchondo Ortega, Andrés10aTecnología agroforestales para la conservación del hábitat de codorniz moctezuma en la UMA ejido El Rosario, Tlaxcalah[En línea]cpor Andrés Anchondo Ortega. aChapingo, Méx. :bEl autor,c2015. aPara ver el contenido del material haga clic en la liga aTesis (M.C. en Agroforestería para el Desarrollo Sostenible) -- UACH. Departamento de Suelos14aCercos vivos.14aCodorniz.14aDesarrollo de la comunidad ruralxTlaxcala. a1 n0000352 aFinding aiduhttp://10.13.5.2/tesis/sist112112.pdfzTeclea aquí